[Event "WYCC 2018 O16"]
[Site "Halkidiki"]
[Date "2018.10.29"]
[Round "10"]
[White "Ibrahimli, Murad"]
[Black "Bekturov, Tamerlan"]
[Result "1/2-1/2"]
[WhiteElo "2379"]
[BlackElo "2297"]
[Annotator "NA"]
[PlyCount "88"]
[EventDate "2018.10.20"]
[EventType "swiss"]
[EventCountry "GRE"]
[SourceTitle "playchess.com"]
[Source "ChessBase"]
[SourceQuality "1"]
[TimeControl "40/5400+30:1800+30"]

1. d4 {[%emt 0:00:00]} Nf6 {[%emt 0:00:00]} 2. c4 {[%emt 0:00:00]} e6 {[%emt 0:00:00]} 3. Nf3 {[%emt 0:00:00]} Bb4+ {[%emt 0:00:15]} 4. Bd2 {[%emt 0:00:04]} Qe7 {[%emt 0:00:11]} 5. Qc2 {[%emt 0:00:29]} Bxd2+ {[%emt 0:03:33]} 6. Nbxd2 {[%emt 0:00:09]} d6 {[%emt 0:00:31]} 7. e3 {[%emt 0:03:36]} e5 {[%emt 0:07:08]} 8. Bd3 {[%emt 0:02:17]} O-O {[%emt 0:01:09]} 9. O-O {[%emt 0:06:38] E11: Damenindisch (Bogoljubow-Variante)} Re8 {[%emt 0:02:27]} 10. dxe5 {[%emt 0:05:32]} dxe5 {[%emt 0:00:08] LiveBook: 3 Games} 11. Ng5 {[%emt 0:00:04]} h6 {[%emt 0:09:30]} 12. Nge4 {[%emt 0:00:06]} Na6 $146 {[%emt 0:05:12]} ({Vorgänger:} 12... Nbd7 13. Nxf6+ Nxf6 14. Ne4 {½-½ (14) Benitah,Y (2382)-Apicella,M (2529) Belfort 2010}) 13. a3 {[%emt 0:09:04]} Nxe4 {[%emt 0:00:37]} 14. Bxe4 {[%emt 0:00:28]} Nc5 {[%emt 0:00:53]} 15. Bd5 {[%emt 0:30:22]} c6 {[%emt 0:05:02]} 16. Bf3 {[%emt 0:00:48]} e4 $15 {[%emt 0:09:53]} 17. Be2 {[%emt 0:00:11]} Bf5 {[%emt 0:00:38]} 18. b4 {[%emt 0:00:50]} Nd3 {[%emt 0:03:28]} 19. Bxd3 {[%emt 0:00:36]} exd3 {[%emt 0:00:17]} 20. Qc3 {[%emt 0:00:21]} Qg5 {[%emt 0:03:41]} 21. Kh1 {[%emt 0:01:52]} Rad8 {[%emt 0:07:48]} 22. c5 {[%emt 0:08:02]} Re6 {[%emt 0:13:45]} 23. Rae1 {[%emt 0:04:10]} Rg6 {[%emt 0:01:54]} 24. Rg1 {[%emt 0:00:55]} Be6 {[%emt 0:06:25]} 25. e4 {[%emt 0:16:38]} f5 {[%emt 0:09:45]} 26. Re3 {[%emt 0:02:18]} Qh4 {[%emt 0:05:09]} 27. Rh3 {[%emt 0:05:16]} Qf6 {[%emt 0:02:11]} 28. e5 {[%emt 0:00:20]} Qe7 {[%emt 0:00:15]} 29. Rxd3 {[%emt 0:00:16]} Bd5 {[%emt 0:00:50]} 30. f3 {[%emt 0:02:43]} f4 {[%emt 0:00:27]} 31. Nc4 {[%emt 0:00:37]} Rg5 {[%emt 0:01:01]} 32. Nd6 {[%emt 0:00:37]} Rh5 {[%emt 0:01:11]} 33. h3 {[%emt 0:00:29]} Rd7 {[%emt 0:00:31]} 34. Rd4 {[%emt 0:00:30]} Qg5 {[%emt 0:00:39]} 35. Rxd5 {[%emt 0:00:37]} cxd5 {[%emt 0:00:13]} 36. Re1 {[%emt 0:00:29]} Re7 {[%emt 0:00:37]} 37. e6 {[%emt 0:00:24]} Qg6 {[%emt 0:00:25]} 38. c6 {[%emt 0:00:09]} bxc6 {[%emt 0:00:33]} 39. Qxc6 {[%emt 0:00:16]} Qg3 {[%emt 0:00:36]} 40. Re2 {[%emt 0:00:00]} Kh7 {[%emt 0:00:00]} 41. Qc2+ {[%emt 0:15:33]} Qg6 {[%emt 0:07:24]} 42. Qxg6+ {[%emt 0:00:25]} Kxg6 {[%emt 0:00:04]} 43. Nc8 {[%emt 0:00:04]} Re8 {[%emt 0:00:06]} 44. Nd6 {[%emt 0:00:07]} Re7 {[%emt 0:00:06]} 1/2-1/2

[Event "WYCC 2018 O16"]
[Site "Halkidiki"]
[Date "2018.10.29"]
[Round "10"]
[White "Gatineau, Yovann"]
[Black "Kamer, Kayra"]
[Result "0-1"]
[WhiteElo "2376"]
[BlackElo "2290"]
[Annotator "NA"]
[PlyCount "80"]
[EventDate "2018.10.20"]
[EventType "swiss"]
[EventCountry "GRE"]
[SourceTitle "playchess.com"]
[Source "ChessBase"]
[SourceQuality "1"]
[TimeControl "40/5400+30:1800+30"]

1. d4 {[%emt 0:00:00]} Nf6 {[%emt 0:00:00]} 2. Bf4 {[%emt 0:00:20]} g6 {[%emt 0:01:36]} 3. Nc3 {[%emt 0:01:22]} d5 {[%emt 0:02:41]} 4. e3 {[%emt 0:00:22]} Bg7 {[%emt 0:00:28]} 5. h4 {[%emt 0:04:07]} a6 {[%emt 0:03:27]} 6. h5 {[%emt 0:00:04]} Nxh5 {[%emt 0:02:59]} 7. Rxh5 {[%emt 0:00:04]} gxh5 {[%emt 0:00:03]} 8. Qxh5 {[%emt 0:00:06]} Be6 {[%emt 0:02:19]} 9. Nf3 {[%emt 0:02:34]} Nd7 {[%emt 0:08:06]} 10. Nxd5 {[%emt 0:02:43]} Nf6 {[%emt 0:00:22]} 11. Nxf6+ {[%emt 0:00:05]} Bxf6 {[%emt 0:00:03]} 12. e4 {[%emt 0:08:13]} Bxd4 {[%emt 0:08:20]} 13. c3 {[%emt 0:01:22]} Bf6 {[%emt 0:01:34]} 14. Rd1 {[%emt 0:02:15]} Qc8 {[%emt 0:00:41]} 15. Qh6 {[%emt 0:00:27]} Rg8 {[%emt 0:13:51]} 16. e5 {[%emt 0:00:44]} Bg7 {[%emt 0:00:06]} 17. Qxh7 {[%emt 0:00:16]} Kf8 {[%emt 0:00:03]} 18. Ng5 {[%emt 0:04:39]} Rh8 $11 {[%emt 0:15:08]} ({Much less strong is} 18... Bxa2 19. Qe4 $17) 19. Qe4 {[%emt 0:04:22]} c6 {[%emt 0:02:17]} 20. Be3 {[%emt 0:09:37]} Bd5 {[%emt 0:03:43]} 21. Qf4 {[%emt 0:03:41]} Bh6 {[%emt 0:00:26]} 22. c4 {[%emt 0:25:39]} Bxg5 {[%emt 0:00:06]} 23. Qxg5 {[%emt 0:00:03]} Be4 {[%emt 0:00:05]} 24. Bc5 {[%emt 0:01:35]} Qe6 {[%emt 0:02:03]} 25. Rd4 {[%emt 0:03:17]} Bg6 {[%emt 0:00:34]} 26. Be2 {[%emt 0:02:34]} Bf5 {[%emt 0:05:04]} 27. g4 {[%emt 0:06:29]} Bb1 {[%emt 0:01:19]} 28. Rf4 Rh1+ 29. Kd2 Rd8+ 30. Kc3 Rc1+ 31. Kb3 b5 32. Rf6 Rxc4 33. a3 a5 34. Bxe7+ {[%emt 0:18:53]} Qxe7 {[%emt 0:16:23]} 35. Bxc4 {[%emt 0:00:42]} bxc4+ {[%emt 0:00:23]} 36. Kc3 {[%emt 0:00:38]} Rd3+ {[%emt 0:02:15]} 37. Kxc4 {[%emt 0:00:05]} Rh3 {[%emt 0:00:25]} 38. f3 {[%emt 0:00:42]} Ba2+ {[%emt 0:03:09]} 39. Kd4 {[%emt 0:00:15]} c5+ {[%emt 0:00:28]} 40. Ke3 {[%emt 0:00:00]} Bd5 {[%emt 0:00:00] Kd4} 0-1

[Event "WYCC 2018 O16"]
[Site "Halkidiki"]
[Date "2018.10.29"]
[Round "10"]
[White "Stoleriu, George"]
[Black "Alivodic, Dario"]
[Result "1/2-1/2"]
[WhiteElo "2362"]
[BlackElo "2082"]
[Annotator "NA"]
[PlyCount "48"]
[EventDate "2018.10.20"]
[EventType "swiss"]
[EventCountry "GRE"]
[SourceTitle "playchess.com"]
[Source "ChessBase"]
[SourceQuality "1"]
[TimeControl "40/5400+30:1800+30"]

1. e4 {[%emt 0:00:00]} e6 {[%emt 0:00:00]} 2. d4 {[%emt 0:00:00]} d5 {[%emt 0:00:00]} 3. Nc3 {[%emt 0:00:00]} Bb4 {[%emt 0:00:00]} 4. exd5 {[%emt 0:00:00]} exd5 {[%emt 0:00:00]} 5. Bd3 {[%emt 0:00:00] LiveBook: 1894 Partien} Nc6 {[%emt 0:00:00]} 6. a3 {[%emt 0:00:32]} Bxc3+ {[%emt 0:01:16]} 7. bxc3 {[%emt 0:00:10]} Nge7 {[%emt 0:00:40]} 8. Qh5 {[%emt 0:04:56]} g6 {[%emt 0:01:32] C01: Französische Verteidigung (Abtauschvariante)} (8... Be6 9. Ne2 Qd7 10. Ng3 O-O-O 11. h3 g6 12. Qf3 Nf5 13. Nxf5 Bxf5 14. Bxf5 gxf5 15. O-O Rde8 16. Bf4 Re4 17. g3 h5 {1-0 (30) Onischuk,V (2612)-Kovalenko,I (2700) Berlin 2015}) 9. Qf3 {[%emt 0:08:09]} Bf5 {[%emt 0:02:32]} 10. Bg5 {[%emt 0:09:24]} (10. Rb1 $14) 10... Qd6 {[%emt 0:03:55]} 11. Ne2 {[%emt 0:06:04]} f6 {[%emt 0:02:57]} 12. Bf4 {[%emt 0:05:38]} Qd7 {[%emt 0:00:13]} 13. a4 $146 {[%emt 0:10:27]} ({Vorgänger:} 13. h3 O-O {½-½ (13) Standke,W-Hammel,R Mecklenburg VP 1999}) 13... O-O-O {[%emt 0:08:55]} 14. h3 {[%emt 0:13:56]} h5 {[%emt 0:03:10]} 15. Ng3 {[%emt 0:09:30]} Bxd3 {[%emt 0:01:36]} 16. cxd3 {[%emt 0:01:33]} Rde8 {[%emt 0:02:39]} 17. Kd2 {[%emt 0:00:51] [#]} Nf5 {[%emt 0:02:00]} ({Better is} 17... h4 $1 $17 {[%cal Rh4g3]} 18. Nf1 g5) 18. Nxf5 $15 {[%emt 0:01:46]} Qxf5 {[%emt 0:00:01]} 19. h4 {[%emt 0:03:07]} Re6 {[%emt 0:02:33]} 20. Rh3 {[%emt 0:06:24]} Na5 {[%emt 0:08:58]} 21. Kc2 {[%emt 0:01:08]} Rb6 {[%emt 0:09:03]} 22. Be3 {[%emt 0:01:11]} Qd7 {[%emt 0:00:39]} 23. Rhh1 {[%emt 0:01:49]} Re8 {[%emt 0:00:35]} 24. Ra3 {[%emt 0:01:30]} f5 {[%emt 0:07:05]} 1/2-1/2

[Event "WYCC 2018 O16"]
[Site "Halkidiki"]
[Date "2018.10.29"]
[Round "10"]
[White "Baenziger, Fabian"]
[Black "Carlsson, Ludvig"]
[Result "1-0"]
[WhiteElo "2355"]
[BlackElo "2058"]
[Annotator "NA"]
[PlyCount "45"]
[EventDate "2018.10.20"]
[EventType "swiss"]
[EventCountry "GRE"]
[SourceTitle "playchess.com"]
[Source "ChessBase"]
[SourceQuality "1"]
[TimeControl "40/5400+30:1800+30"]

1. d4 {[%emt 0:00:00] Ribli,Z} g6 {[%emt 0:00:00]} 2. Nf3 {[%emt 0:00:00]} Bg7 {[%emt 0:00:00]} 3. g3 {[%emt 0:00:00]} d6 {[%emt 0:00:02]} 4. Bg2 {[%emt 0:00:00]} Nd7 {[%emt 0:00:07]} 5. O-O {[%emt 0:00:14]} e5 {[%emt 0:00:07]} 6. c4 {[%emt 0:00:40]} Ne7 {[%emt 0:00:08]} 7. Nc3 {[%emt 0:01:19]} O-O {[%emt 0:00:29]} 8. e4 {[%emt 0:01:11]} exd4 {[%emt 0:00:08]} 9. Nxd4 {[%emt 0:00:05]} Nc6 {[%emt 0:00:07]} 10. Nde2 {[%emt 0:02:59]} a5 {[%emt 0:00:34]} 11. f4 {[%emt 0:05:57] A42: Modern Defence: Averbakh Variation} Nc5 {[%emt 0:07:26]} 12. Be3 {[%emt 0:00:56]} Re8 {[%emt 0:03:02]} 13. h3 {[%emt 0:03:38]} a4 {[%emt 0:08:18] [#]} 14. Rb1 $146 {[%emt 0:03:06]} ({Predecessor:} 14. Rc1 Be6 15. b3 Nb4 16. Rb1 axb3 17. axb3 c6 18. Bd4 Bxd4+ 19. Nxd4 {1-0 (41) Bocharov,D (2574)-Tkachiev,V (2625) Kazan 2005 CBM 109 [Ribli,Z]}) 14... Ra5 {[%emt 0:09:38]} 15. b4 {[%emt 0:09:24]} axb3 {[%emt 0:00:35]} 16. axb3 {[%emt 0:00:05]} Na6 {[%emt 0:03:13]} 17. Qd2 {[%emt 0:06:05]} Nab4 {[%emt 0:04:35]} 18. Rbd1 {[%emt 0:10:09]} f5 {[%emt 0:04:05]} 19. Nd4 $14 {[%emt 0:03:44]} fxe4 {[%emt 0:03:21]} 20. Nxc6 {[%emt 0:01:46]} Nxc6 {[%emt 0:04:53]} 21. Nxe4 {[%emt 0:01:05]} Ra3 {[%emt 0:01:38]} 22. Ng5 {[%emt 0:01:24]} Bf6 {[%emt 0:04:30]} 23. Qd5+ {[%emt 0:02:06]} 1-0

[Event "WYCC 2018 O16"]
[Site "Halkidiki"]
[Date "2018.10.29"]
[Round "10"]
[White "Mitsis, Georgios"]
[Black "Gabizon, Eyal"]
[Result "0-1"]
[WhiteElo "2350"]
[BlackElo "2205"]
[Annotator "NA"]
[PlyCount "90"]
[EventDate "2018.10.20"]
[EventType "swiss"]
[EventCountry "GRE"]
[SourceTitle "playchess.com"]
[Source "ChessBase"]
[SourceQuality "1"]
[TimeControl "40/5400+30:1800+30"]

1. d4 {[%emt 0:00:00]} Nf6 {[%emt 0:00:00]} 2. Nf3 {[%emt 0:00:00]} g6 {[%emt 0:00:00]} 3. c4 {[%emt 0:00:00]} Bg7 {[%emt 0:00:00]} 4. Nc3 {[%emt 0:00:00]} O-O {[%emt 0:00:00]} 5. e4 {[%emt 0:00:00]} d6 {[%emt 0:00:00]} 6. Be2 {[%emt 0:00:08]} e5 {[%emt 0:00:00]} 7. Be3 {[%emt 0:00:09]} Nc6 {[%emt 0:00:03]} 8. d5 {[%emt 0:00:23]} Ne7 {[%emt 0:00:05]} 9. Nd2 {[%emt 0:00:11]} Nd7 {[%emt 0:03:25]} 10. b4 {[%emt 0:03:44]} f5 {[%emt 0:07:59]} 11. f3 {[%emt 0:01:23]} c5 {[%emt 0:14:34] E92: King's Indian: Classical: 6 Be2 e5: 7 dxe5, 7 Be3 and Petrosian System without 7...Nbd7} (11... Nf6 12. c5 Nh5 13. g3 Nf4 14. Bf1 fxe4 15. fxe4 h5 16. Nc4 Bg4 17. Qd2 Nh3 18. Be2 Kh7 19. Bxg4 hxg4 20. O-O-O {1-0 (39) Del Rio de Angelis,S (2556)-Perez Mitjans,O (2442) Atarrabia 2016}) 12. dxc6 {[%emt 0:02:24]} bxc6 $146 {[%emt 0:01:01]} ({Predecessor:} 12... Nxc6 13. Rb1 Bh6 14. Bf2 Nf6 15. O-O Be6 16. Re1 Nh5 17. Nf1 Nf4 18. Ng3 Nh3+ 19. gxh3 {1-0 (30) Jimenez Fernandez,A (2003)-Fernandez Rubio,R (1958) Spain 2010}) 13. O-O {[%emt 0:01:53]} Nf6 {[%emt 0:01:08]} 14. Nb3 {[%emt 0:02:43]} Be6 {[%emt 0:02:27]} 15. Qc2 {[%emt 0:02:33]} d5 {[%emt 0:06:14]} 16. Rad1 {[%emt 0:07:14]} d4 {[%emt 0:01:54]} 17. Na4 {[%emt 0:06:00]} f4 {[%emt 0:18:50]} 18. Bf2 {[%emt 0:03:51]} g5 {[%emt 0:00:05]} 19. c5 {[%emt 0:00:16]} g4 {[%emt 0:03:23]} 20. Bxd4 {[%emt 0:11:38]} exd4 {[%emt 0:00:10]} 21. Nxd4 {[%emt 0:00:07]} Bd7 {[%emt 0:03:11]} 22. Bc4+ {[%emt 0:01:59]} Kh8 {[%emt 0:00:41]} 23. Ne6 {[%emt 0:00:56]} Qe8 {[%emt 0:00:35]} 24. Nxf8 {[%emt 0:02:44]} Bxf8 {[%emt 0:00:08]} 25. Rd6 {[%emt 0:04:55]} Bg7 {[%emt 0:03:51]} 26. Rfd1 {[%emt 0:00:43]} gxf3 {[%emt 0:03:22]} 27. gxf3 {[%emt 0:00:27]} Ng6 {[%emt 0:13:06]} 28. Qf2 {[%emt 0:06:28]} Ne5 {[%emt 0:03:11]} 29. Be2 {[%emt 0:00:09]} Qg6+ {[%emt 0:02:26]} 30. Kh1 $15 {[%emt 0:02:08]} Qh5 {[%emt 0:05:00]} 31. Nb2 {[%emt 0:08:14]} Rf8 {[%emt 0:06:05]} 32. Nd3 {[%emt 0:02:08]} Nxd3 {[%emt 0:00:04]} 33. R1xd3 {[%emt 0:00:41]} Be8 {[%emt 0:00:09]} 34. Rd8 {[%emt 0:00:22]} Qf7 {[%emt 0:01:39]} 35. Bd1 {[%emt 0:01:15]} Nd7 {[%emt 0:00:30]} 36. Bb3 {[%emt 0:01:54]} Qe7 {[%emt 0:00:04]} 37. Ra8 {[%emt 0:00:09]} Ne5 {[%emt 0:00:06]} 38. Rdd8 {[%emt 0:00:16]} Bf6 {[%emt 0:00:46]} 39. Rdb8 {[%emt 0:05:36]} Bg7 {[%emt 0:01:49]} 40. Qf1 {[%emt 0:00:00]} Ng4 {[%emt 0:00:00]} 41. Qg2 {[%emt 0:12:40]} Ne3 {[%emt 0:09:21]} 42. Qh3 {[%emt 0:01:04]} Qe5 {[%emt 0:01:55]} 43. Rd8 {[%emt 0:05:38]} Qa1+ {[%emt 0:00:34]} 44. Bd1 {[%emt 0:00:07]} Qc3 {[%emt 0:05:38]} 45. Qh4 {[%emt 0:00:25]} Nxd1 {[%emt 0:02:37]} 0-1

[Event "WYCC 2018 O16"]
[Site "Halkidiki"]
[Date "2018.10.29"]
[Round "10"]
[White "Petriashvili, Nikoloz"]
[Black "Sankalp Gupta"]
[Result "1-0"]
[WhiteElo "2343"]
[BlackElo "2352"]
[Annotator "NA"]
[PlyCount "103"]
[EventDate "2018.10.20"]
[EventType "swiss"]
[EventCountry "GRE"]
[SourceTitle "playchess.com"]
[Source "ChessBase"]
[SourceQuality "1"]
[TimeControl "40/5400+30:1800+30"]

1. c4 {[%emt 0:00:00]} g6 {[%emt 0:03:36]} 2. Nc3 {[%emt 0:00:18]} Nf6 {[%emt 0:00:12]} 3. Nf3 {[%emt 0:00:15]} Bg7 {[%emt 0:00:59]} 4. e4 {[%emt 0:00:24]} c5 {[%emt 0:00:46]} 5. d4 {[%emt 0:00:21]} cxd4 {[%emt 0:00:06]} 6. Nxd4 {[%emt 0:00:11]} O-O {[%emt 0:00:37]} 7. Be2 {[%emt 0:02:55]} Nc6 {[%emt 0:00:06]} 8. Be3 {[%emt 0:00:06]} b6 {[%emt 0:05:35]} 9. O-O {[%emt 0:06:32]} Bb7 {[%emt 0:00:06]} 10. f3 {[%emt 0:00:38]} e6 {[%emt 0:15:34] LiveBook: 125 Games} 11. Nxc6 {[%emt 0:00:41]} Bxc6 {[%emt 0:08:14] B38: Sicilian: Maroczy Bind with 5...Bg7 and 7...0-0} 12. Qd6 {[%emt 0:00:28]} (12. Qd2 d5 13. cxd5 exd5 14. e5 Ne8 15. f4 f6 16. Bd4 fxe5 17. fxe5 Nc7 18. Rxf8+ Qxf8 19. Bg4 {½-½ (48) Meskovs,N (2490)-Shaposhnikov,E (2557) chess.com INT 2017}) 12... Ne8 {[%emt 0:00:48]} 13. Qd2 {[%emt 0:00:06]} Qe7 {[%emt 0:01:40]} 14. Rad1 {[%emt 0:03:02]} f5 {[%emt 0:01:27]} 15. exf5 {[%emt 0:04:35]} gxf5 {[%emt 0:00:21]} 16. f4 {[%emt 0:04:09]} Rc8 {[%emt 0:02:16]} 17. Bd4 $146 {[%emt 0:02:04]} ({Predecessor:} 17. b3 Nf6 18. Bf3 Rfd8 19. Bd4 {½-½ (26) Adamski,J-Balcerowski,W Augustow 1975}) 17... Nd6 {[%emt 0:07:15]} 18. b3 {[%emt 0:02:20]} Ne4 {[%emt 0:06:25]} 19. Nxe4 {[%emt 0:04:12]} Bxe4 $11 {[%emt 0:02:06]} 20. Bxg7 {[%emt 0:18:04]} Qxg7 {[%emt 0:00:15]} 21. Bf3 {[%emt 0:00:40]} d5 {[%emt 0:00:09]} 22. Bxe4 {[%emt 0:00:04]} dxe4 {[%emt 0:00:35]} 23. Qd7 {[%emt 0:00:07]} Qxd7 {[%emt 0:02:18]} 24. Rxd7 {[%emt 0:00:02]} Rf7 {[%emt 0:00:02]} 25. Rfd1 {[%emt 0:00:49]} Rc7 {[%emt 0:00:12]} 26. Rd8+ {[%emt 0:01:19]} Rf8 {[%emt 0:02:49]} 27. R8d6 {[%emt 0:00:06]} Re8 {[%emt 0:02:20]} 28. Kf2 {[%emt 0:00:46]} Kf7 {[%emt 0:00:44]} 29. h3 {[%emt 0:12:09]} h5 {[%emt 0:12:48]} 30. g4 {[%emt 0:00:42]} hxg4 {[%emt 0:00:36]} 31. hxg4 {[%emt 0:00:03]} fxg4 {[%emt 0:01:13]} 32. Rh1 {[%emt 0:03:01]} Kf6 {[%emt 0:07:15]} 33. Rh6+ {[%emt 0:02:30]} Kf5 {[%emt 0:00:39]} 34. Kg3 {[%emt 0:01:09]} Ree7 {[%emt 0:02:16]} 35. Rh5+ {[%emt 0:05:14]} Kf6 {[%emt 0:00:14]} 36. Rd4 {[%emt 0:02:12]} Rcd7 {[%emt 0:01:15]} 37. Rxe4 {[%emt 0:00:34]} Rd2 {[%emt 0:13:17]} 38. Rh6+ {[%emt 0:00:49]} Kf7 {[%emt 0:00:29]} 39. f5 {[%emt 0:04:39]} e5 {[%emt 0:01:20]} 40. Kxg4 {[%emt 0:00:00]} Rxa2 {[%emt 0:00:00]} 41. Rh7+ {[%emt 0:07:57]} Kf6 {[%emt 0:04:08]} 42. Rxe7 {[%emt 0:00:19]} Kxe7 {[%emt 0:00:06]} 43. Rxe5+ {[%emt 0:00:02]} Kf7 {[%emt 0:02:19]} 44. Rd5 {[%emt 0:07:16]} Ke7 {[%emt 0:02:13]} 45. Rd3 {[%emt 0:02:00]} a6 {[%emt 0:10:33]} 46. Re3+ {[%emt 0:01:16]} Kf7 {[%emt 0:00:19]} 47. Re6 {[%emt 0:00:32]} b5 {[%emt 0:01:45]} 48. cxb5 {[%emt 0:00:28]} axb5 {[%emt 0:00:11]} 49. Rb6 {[%emt 0:00:08]} Rg2+ {[%emt 0:00:04]} 50. Kf4 {[%emt 0:00:36]} Rf2+ {[%emt 0:00:09]} 51. Ke5 {[%emt 0:00:53]} Re2+ {[%emt 0:00:07]} 52. Kd6 {[%emt 0:00:38]} 1-0

[Event "WYCC 2018 O16"]
[Site "Halkidiki"]
[Date "2018.10.29"]
[Round "10"]
[White "Olsen, Filip Boe"]
[Black "Engel, Luis"]
[Result "0-1"]
[WhiteElo "2335"]
[BlackElo "2441"]
[Annotator "NA RC"]
[PlyCount "56"]
[EventDate "2018.10.20"]
[EventType "swiss"]
[EventCountry "GRE"]
[SourceTitle "playchess.com"]
[Source "ChessBase"]
[SourceQuality "1"]
[TimeControl "40/5400+30:1800+30"]

1. d4 {[%emt 0:00:00]} Nf6 {[%emt 0:00:00]} 2. c4 {[%emt 0:00:00]} e6 {[%emt 0:00:00]} 3. Nc3 {[%emt 0:00:00]} Bb4 {[%emt 0:00:00]} 4. e3 {[%emt 0:00:00]} O-O {[%emt 0:00:00]} 5. Bd3 {[%emt 0:00:04]} c5 {[%emt 0:00:00]} 6. Nf3 {[%emt 0:00:08]} d5 {[%emt 0:00:04]} 7. cxd5 {[%emt 0:00:15]} exd5 {[%emt 0:00:08] E53: Nimzo-Indian: Rubinstein: Main Line (4...0-0 5 Nf3 d5 6 Bd3 c5 7 0-0)} 8. dxc5 {[%emt 0:00:11]} Nbd7 {[%emt 0:00:14]} 9. O-O {[%emt 0:00:21]} Nxc5 {[%emt 0:00:54]} 10. Ne2 {[%emt 0:00:19]} Bg4 {[%emt 0:10:38] LiveBook: 6 Partien} 11. Nfd4 {[%emt 0:00:28]} Nxd3 {[%emt 0:07:21]} 12. Qxd3 {[%emt 0:00:11]} Rc8 $146 {[%emt 0:00:54]} ({Predecessor:} 12... Bxe2 13. Nxe2 Bd6 14. Bd2 Be5 15. Bc3 {½-½ (56) Harikrishna,P (2755)-Wojtaszek,R (2745) Shamkir 2017}) 13. b3 {[%emt 0:07:57]} Bd6 {[%emt 0:05:23]} 14. Bb2 {[%emt 0:01:10]} Re8 {[%emt 0:02:45]} 15. Rac1 {[%emt 0:12:17]} Bb8 {[%emt 0:04:40]} 16. f3 {[%emt 0:07:36]} Bh5 {[%emt 0:08:38]} 17. Nf4 {[%emt 0:01:58]} Bg6 {[%emt 0:01:44]} 18. Nxg6 {[%emt 0:00:33]} hxg6 {[%emt 0:00:22]} 19. Rxc8 {[%emt 0:05:51]} Qxc8 {[%emt 0:00:07]} 20. Rd1 {[%emt 0:08:38]} Qc7 {[%emt 0:02:18]} 21. f4 {[%emt 0:02:13]} a6 {[%emt 0:26:02]} 22. h3 {[%emt 0:12:28]} Ba7 {[%emt 0:03:48]} 23. Qc2 {[%emt 0:09:20]} Qe7 {[%emt 0:04:36]} 24. Rd3 {[%emt 0:00:55]} Nh5 $15 {[%emt 0:03:28]} 25. Kh2 {[%emt 0:06:02]} Qh4 {[%emt 0:01:55]} 26. Qc3 {[%emt 0:13:59]} Qg3+ {[%emt 0:01:44]} 27. Kh1 {[%emt 0:00:09]} Nxf4 {[%emt 0:01:08]} 28. Rd2 {[%emt 0:00:18]} Rxe3 {[%emt 0:01:23]} 0-1

[Event "WYCC 2018 O16"]
[Site "Halkidiki"]
[Date "2018.10.29"]
[Round "10"]
[White "Sahidi, Samir"]
[Black "Thilakarathne, G M H"]
[Result "1/2-1/2"]
[WhiteElo "2315"]
[BlackElo "2268"]
[Annotator "NA"]
[PlyCount "89"]
[EventDate "2018.10.20"]
[EventType "swiss"]
[EventCountry "GRE"]
[SourceTitle "playchess.com"]
[Source "ChessBase"]
[SourceQuality "1"]
[TimeControl "40/5400+30:1800+30"]

1. e4 {[%emt 0:00:00]} c5 {[%emt 0:00:00]} 2. Nf3 {[%emt 0:00:00]} d6 {[%emt 0:00:00]} 3. d4 {[%emt 0:00:54]} cxd4 {[%emt 0:00:01]} 4. Nxd4 {[%emt 0:00:28]} Nf6 {[%emt 0:00:07]} 5. Nc3 {[%emt 0:01:17]} Nc6 {[%emt 0:00:35]} 6. Be2 {[%emt 0:07:06]} e5 {[%emt 0:00:50]} 7. Nb3 {[%emt 0:01:04]} Be7 {[%emt 0:02:05]} 8. Bg5 {[%emt 0:00:40]} O-O {[%emt 0:07:36]} 9. Bxf6 {[%emt 0:00:38]} Bxf6 {[%emt 0:00:08]} 10. Nd5 {[%emt 0:00:35]} Be6 {[%emt 0:06:00]} 11. O-O {[%emt 0:10:26]} Bg5 {[%emt 0:08:19]} 12. Qd3 {[%emt 0:02:42] LiveBook: 3 Games B59: Classical Sicilian: 6 Be2 e5 7 Nb3} (12. c3 Rc8 13. Bg4 Qd7 14. h3 g6 15. Bf3 Ne7 16. Nxe7+ Bxe7 17. Bg4 Bd8 18. Bxe6 fxe6 19. Nd2 Bb6 20. Nf3 Qc6 {½-½ (46) Liang,J (2465)-Gao,R (2566) China 2018}) 12... Rc8 {[%emt 0:10:48]} 13. c3 {[%emt 0:01:06]} Ne7 {[%emt 0:01:01]} 14. Nxe7+ {[%emt 0:01:15]} Qxe7 {[%emt 0:00:10]} 15. Rfd1 {[%emt 0:01:44]} Rfd8 {[%emt 0:01:37]} 16. Bf3 {[%emt 0:03:37]} g6 {[%emt 0:03:59]} 17. g3 $146 {[%emt 0:01:07]} ({Predecessor:} 17. Nd2 f5 18. exf5 gxf5 19. Bd5 Bxd5 20. Qxd5+ {1-0 (40) Sobhani,F-Rezaei,R (2270) Iran 1993}) 17... h5 {[%emt 0:03:59]} 18. h4 {[%emt 0:07:26]} Bh6 {[%emt 0:00:59]} 19. Nd2 {[%emt 0:00:38]} Kg7 {[%emt 0:13:00]} 20. Nf1 {[%emt 0:01:49]} Bc4 {[%emt 0:02:57]} 21. Qc2 {[%emt 0:00:06]} b5 {[%emt 0:04:24]} 22. a3 {[%emt 0:01:39]} Qe6 {[%emt 0:07:14]} 23. Nd2 {[%emt 0:02:08]} Bxd2 {[%emt 0:08:43]} 24. Qxd2 {[%emt 0:00:14]} Bb3 {[%emt 0:00:45]} 25. Re1 {[%emt 0:00:27]} d5 {[%emt 0:00:39]} 26. exd5 {[%emt 0:03:42]} Bxd5 {[%emt 0:00:13]} 27. Bxd5 {[%emt 0:00:19]} Rxd5 {[%emt 0:00:36]} 28. Qe3 {[%emt 0:00:09]} Qd7 {[%emt 0:04:00]} 29. Re2 {[%emt 0:04:58]} Kh7 {[%emt 0:06:31]} 30. Rae1 $15 {[%emt 0:01:15]} Re8 {[%emt 0:00:38]} 31. Qf3 {[%emt 0:02:22]} a6 {[%emt 0:01:27]} 32. Kh2 {[%emt 0:01:17]} Re6 {[%emt 0:00:23]} 33. Qe3 {[%emt 0:01:36]} Kg7 {[%emt 0:01:24]} 34. Qe4 {[%emt 0:04:08]} Kh7 {[%emt 0:01:25]} 35. Qb4 {[%emt 0:12:34]} Kg7 {[%emt 0:01:50]} 36. b3 {[%emt 0:03:03]} Qc7 {[%emt 0:01:03]} 37. c4 {[%emt 0:01:25]} bxc4 {[%emt 0:00:16]} 38. bxc4 {[%emt 0:00:23]} Rd4 {[%emt 0:00:35]} 39. Rc1 {[%emt 0:01:28]} Rc6 {[%emt 0:00:35]} 40. Rec2 {[%emt 0:00:00]} Rc5 {[%emt 0:00:00]} 41. Qe1 {[%emt 0:02:31]} Rdxc4 {[%emt 0:14:02]} 42. Rxc4 {[%emt 0:00:45]} Rxc4 {[%emt 0:00:05]} 43. Rxc4 {[%emt 0:00:05]} Qxc4 {[%emt 0:00:07]} 44. Qxe5+ {[%emt 0:00:03]} Kh7 {[%emt 0:00:10]} 45. Qe3 {[%emt 0:00:08]} 1/2-1/2